000 00882cad a22002175a 4500
001 L155897
008 120420s2009 xxko f 000 0 eng d
035 _a(Sirsi) u155897
041 0 _aeng
110 1 _aNHBC Foundation
_94948
245 0 0 _aPart L 2010
_bwhere to start
_h[electronic resource]
260 _aMilton Keynes
_bNHBC Foundation
_c2009
490 0 _aNF
_v28
520 _aThis guide is intended to help house builders and designers understand what the October 2010 changes to Approved Document L1A (Conservation of fuel and power in new dwellings) mean.
521 2 _aAdvanced
590 _aKA
651 4 _aUnited Kingdom
_y
690 _aBuilding regulations
_96224
856 4 0 _uhttps://www.nhbcfoundation.org/Researchpublications/WheretoStartNF28/tabid/444/Default.aspx
_zLogin or register to view the report (PDF file) at www.nhbcfoundation.org
942 _n0
999 _c113905
_d113905